00234nam a2200097Ia 4500008004100000082002700041100001000068245002600078260002400104300000800128140316s9999 xx 000 0 und d aICAR/CMFRIbAR/2004-05 aCMFRI aAnnual Report:2004-05 aCochinbCMFRIc2005 a134